| 000 | 00578nam a2200205Ia 4500 | ||
|---|---|---|---|
| 008 | 191130s2005##################000#0#eng## | ||
| 020 | _a9780340806951 | ||
| 040 |
_aACL _cACL |
||
| 082 | _a420.9 ISH | ||
| 100 | _aSingh, Ishtla | ||
| 245 |
_aThe history of English _cIshtla Singh |
||
| 250 | _a1st ed | ||
| 260 |
_aLondon _bHodder Arnold _c2005 |
||
| 300 | _axii, 226 p. ; 24 cm | ||
| 500 | _aIncludes bibliographical references and indexes | ||
| 650 | _aEnglish language -- History | ||
| 990 | _ae89ed34eac10000c13d654c7b6598af9 | ||
| 991 | _a375265 | ||
| 999 |
_c52688 _d52688 |
||